| 000 | 00416nam a2200181Ia 4500 | ||
|---|---|---|---|
| 001 | 18360 | ||
| 005 | 20260306171625.0 | ||
| 008 | 260306s9999||||xx |||||||||||||| ||und|| | ||
| 041 | _aESP | ||
| 082 |
_a658.4034 _bH54 2015 |
||
| 100 |
_aHillier, Frederick S. _eAUT |
||
| 245 | 0 | _aInvestigación de operaciones | |
| 260 | _c2015 | ||
| 300 |
_a _c |
||
| 650 | _aGEN | ||
| 654 | _aCAN | ||
| 942 |
_cLIB _dJUS _fJUS _2ddc _n |
||
| 999 |
_c18360 _d18360 |
||